Statistics for Maisie Peters - Adore You

Click here to take the quiz!

General Stats

  • This quiz has been taken 3 times
  • The average score is 316 of 387

Answer Stats

Answer% Correct
a
100%
adore,
100%
adore
100%
again
100%
all
100%
be
100%
better
100%
down
100%
for
100%
for?)
100%
for?"
100%
good
100%
head
100%
hold
100%
(I
100%
I
100%
I'll
100%
in
100%
know,
100%
know
100%
life
100%
me
100%
My
100%
my
100%
(Oh,
100%
oh
100%
Oh,
100%
on
100%
So
100%
to
100%
You
100%
you)
100%
you
100%
you,
100%
Your
100%
your
100%
you're
100%
across
67%
always
67%
an
67%
And
67%
and
67%
are
67%
at
67%
babe,
67%
baby
67%
baby,
67%
battleship
67%
became
67%
caught
67%
'Cause
67%
closed
67%
difficult
67%
easy
67%
Even
67%
Eyes
67%
fingertips
67%
floor
67%
friends
67%
got
67%
hard
67%
hit
67%
home
67%
hoping
67%
hurting
67%
I'm
67%
is
67%
it
67%
it's
67%
kinda
67%
lay
67%
love,
67%
make
67%
meet
67%
miss
67%
moment
67%
name,
67%
night
67%
now
67%
Now
67%
off,
67%
our
67%
outta
67%
Paris
67%
past
67%
really
67%
really,
67%
say,
67%
say
67%
settle
67%
sometimes
67%
team
67%
that
67%
That
67%
the
67%
this
67%
underscore
67%
waiting
67%
was
67%
we
67%
what
67%
"What
67%
when
67%
with
67%
would
67%
You'll
67%
yours
67%
am
33%
change
33%
edge
33%
else
33%
everything
33%
Fast
33%
floating
33%
forward,
33%
high
33%
nobody
33%
plans,
33%
spring
33%
they're
33%
thing
33%
touch
33%
trust
33%
uppercase
33%
we're
33%
Bout
0%
get
0%
low,
0%
(Maisie!)
0%
(Oh-oh)
0%
subtle
0%
Woag,
0%

Score Distribution

Percentile by Number Answered

Percent of People with Each Score

Your Score History

You have not taken this quiz